Water supply and sanitary installations (within building) design, construction and maintenance. (2nd edition) (Record no. 62493)

MARC details
000 -LEADER
fixed length control field 01366nam a2200217 a 4500
008 - FIXED-LENGTH DATA ELEMENTS--GENERAL INFORMATION
fixed length control field 190709s2000 ||||||||||||||||| || u
020 ## - INTERNATIONAL STANDARD BOOK NUMBER
International Standard Book Number 9788122412253
050 ## - LIBRARY OF CONGRESS CALL NUMBER
Classification number TD 201 Pan
100 ## - MAIN ENTRY--PERSONAL NAME
Personal name Panchdhari, A. C
245 10 - TITLE STATEMENT
Title Water supply and sanitary installations (within building) design, construction and maintenance. (2nd edition)
Statement of responsibility, etc. By A. C. Panchdhari
250 ## - EDITION STATEMENT
Edition statement 2nd edition
260 ## - PUBLICATION, DISTRIBUTION, ETC.
Place of publication, distribution, etc. Bangalore
Name of publisher, distributor, etc. New Age International Publishers
Date of publication, distribution, etc. 2000
300 ## - PHYSICAL DESCRIPTION
Extent x, 222 pages : illustrations
650 ## - SUBJECT ADDED ENTRY--TOPICAL TERM
Topical term or geographic name entry element SANITARY INSTALLATIONS--DESIGN--CONSTRUCTION--MAINTENANCE
650 #0 - SUBJECT ADDED ENTRY--TOPICAL TERM
Topical term or geographic name entry element WATER SUPPLY
995 ## - RECOMMENDATION 995 [LOCAL, UNIMARC FRANCE]
-- 57.52
-- CBU-MAIN LIBRARY (Kitwe)
-- 1
-- AVAILABLE
-- Jul 11, 2019
-- Main Library Open Access Collection
995 ## - RECOMMENDATION 995 [LOCAL, UNIMARC FRANCE]
-- 57.52
-- CBU-MAIN LIBRARY (Kitwe)
-- 2
-- AVAILABLE
-- Jul 11, 2019
-- Main Library Open Access Collection
995 ## - RECOMMENDATION 995 [LOCAL, UNIMARC FRANCE]
-- CBU-MPIKA LIBRARY
-- 4
-- AVAILABLE
-- Nov 22, 2019
-- Short Loan Collection
995 ## - RECOMMENDATION 995 [LOCAL, UNIMARC FRANCE]
-- CBU-MAIN LIBRARY (Kitwe)
-- 5
-- AVAILABLE
-- Nov 22, 2019
-- Short Loan Collection
995 ## - RECOMMENDATION 995 [LOCAL, UNIMARC FRANCE]
-- 57.52
-- CBU-MAIN LIBRARY (Kitwe)
-- 3
-- AVAILABLE
-- Jul 11, 2019
-- Main Library Open Access Collection
Holdings
Withdrawn status Lost status Source of classification or shelving scheme Damaged status Not for loan Home library Current library Shelving location Date acquired Total Checkouts Full call number Barcode Date last seen Price effective from Koha item type
          CBU-MAIN LIBRARY, KITWE. CBU-MAIN LIBRARY, KITWE.   11/30/2022   TD 201 Pan 749371 11/30/2022 11/30/2022 MONOGRAPH
          CBU-MAIN LIBRARY, KITWE. CBU-MAIN LIBRARY, KITWE.   11/30/2022   TD 201 Pan 749370 11/30/2022 11/30/2022 MONOGRAPH
          CBU-MAIN LIBRARY, KITWE. CBU-MAIN LIBRARY, KITWE.   11/30/2022   TD 201 Pan 750060 11/30/2022 11/30/2022 MONOGRAPH
          CBU-MAIN LIBRARY, KITWE. CBU-MAIN LIBRARY, KITWE.   11/30/2022   TD 201 Pan 749369 11/30/2022 11/30/2022 MONOGRAPH
          CBU-MPIKA LIBRARY, MPIKA CAMPUS. CBU-MPIKA LIBRARY, MPIKA CAMPUS.   11/30/2022   TD 201 Pan 750059 11/30/2022 11/30/2022 MONOGRAPH